Doom Eternal Levels - Statistics

General Stats
  • This quiz has been taken 14 times
  • The average score is 19 of 28
Answer Stats
Hint Answer % Correct
3 Cultist Base
100%
1 Hell on Earth
100%
5 Super Gore Nest
100%
6 ARC Complex
89%
4 Doom Hunter Base
89%
2 Exultia
89%
7 Mars Core
89%
12 Urdak
89%
13 Final Sin
78%
10 Nekravol
78%
11 Nekravol - Part II
78%
3 Immora
67%
2 Reclaimed Earth
67%
9 Taras Nabad
67%
2 The Blood Swamps
67%
4 The Dark Lord
67%
1 The World Spear
67%
March 2020 ARC Complex
56%
Hub Fortress of Doom
56%
8 Sentinel Prime
56%
December 2020 Super Gore Nest
56%
3 The Holt
56%
1 UAC Atlantica Facility
56%
October 2021 Mars Core
44%
Hub ARC Carrier
33%
March 2020 Cultist Base
33%
October 2021 (TAG 2) The World Spear
33%
June 2021 Taras Nabad
22%
No matching quizzes found
Score Distribution
Percent of People with Each Score
Percentile by Number Answered
Your Score History
You have not taken this quiz